00505 2200181 4500001002100000005001500021035002000036007000300056008004100059020002200100082001400122084002000136100001800156245006300174260003100237300003500268700002000303INLIS00000000000033920260121082659 a0010-0126000032ta260121 0 ind  a978-623-180-416-7 a657.028.5 a657.028.5 SUC k0 aSuciono, bimo1 aKomputer Akuntansi pada Perusahaan Jasa dengan Accurate XI aJakarta :bErlangga,c2023 aix + 251 hlm. ;c17,5 x 25 cm.0 aRahmanto, Yudhi